Στατιστική ανάλυση μετεωρολογικών δεδομένων : μεταπτυχιακή εργασία
Η μαθηματική στατιστική βρίσκει πολλές εφαρμογές στην κλιματική έρευνα, από απλές μεθόδους για την αστάθεια των κλιματολογικών μέσων, έως και εξεζητημένες τεχνικές οι οποίες αποκαλύπτουν την δυναμική του κλίματος. Στόχος της παρούσας εργασίας, είναι η διερεύνηση των τάσεων της θερμοκρασίας και της β...
Αποθηκεύτηκε σε:
| Κύριος συγγραφέας: | |
|---|---|
| Συγγραφή απο Οργανισμό/Αρχή: | |
| Μορφή: | Thesis Βιβλίο |
| Γλώσσα: | Greek |
| Δημοσίευση: |
2011.
|
| Θέματα: | |
| Διαθέσιμο Online: | http://hdl.handle.net/11610/15546 |
| Ετικέτες: |
Προσθήκη ετικέτας
Δεν υπάρχουν, Καταχωρήστε ετικέτα πρώτοι!
|
MARC
| LEADER | 00000cam a2200000 i 4500 | ||
|---|---|---|---|
| 001 | 1/17846 | ||
| 008 | 120216s2011 gr | ||| |||| ||gre|| | ||
| 035 | |l 10111860 | ||
| 040 | |a GR-MyUA |b gre |e AACR2 | ||
| 041 | 0 | |a gre | |
| 082 | 0 | |a 551.50151955 |2 (22) | |
| 100 | 1 | |a Τριπόδης, Χρήστος. | |
| 245 | 1 | 0 | |a Στατιστική ανάλυση μετεωρολογικών δεδομένων : |b μεταπτυχιακή εργασία / |c Χρήστος Τριπόδης ; επιβλέπων καθηγητής Ι. Τσιμήκας. |
| 260 | |c 2011. | ||
| 300 | |a 166 σ. : |b πίν., διάγρ. ; |c 30 εκ. | ||
| 500 | |a Μέλη της εξεταστικής επιτροπής: Ι. Τσιμήκας, Σ. Γεωργίου, Δ. Λέκκας. | ||
| 502 | |a Διατριβή (μεταπτυχιακή) – Πανεπιστήμιο Αιγαίου, Σάμος, 2011. | ||
| 504 | |a Βιβλιογραφία: σ. 164-166. | ||
| 506 | 0 | |a Διάθεση πλήρους κειμένου - Ελεύθερη πρόσβαση. | |
| 520 | |a Η μαθηματική στατιστική βρίσκει πολλές εφαρμογές στην κλιματική έρευνα, από απλές μεθόδους για την αστάθεια των κλιματολογικών μέσων, έως και εξεζητημένες τεχνικές οι οποίες αποκαλύπτουν την δυναμική του κλίματος. Στόχος της παρούσας εργασίας, είναι η διερεύνηση των τάσεων της θερμοκρασίας και της βροχόπτωσης, έτσι ώστε να αναδειχτεί εάν η κλιματική αλλαγή είναι πραγματικότητα. Για τον σκοπό αυτό πραγματοποιείται ανάλυση τάσεων των κλιματικών παραμέτρων με τη χρήση των εργαλείων της μαθηματικής στατιστικής. Ειδικότερα, αναλύονται μετεωρολογικά δεδομένα θερμοκρασίας και βροχόπτωσης για τις περιοχές του Ελληνικού, της Μυτιλήνης και της Σάμου. Η ανάλυση χρονοσειρών υποδεικνύει ότι η θερμοκρασία τα τελευταία χρόνια εμφανίζει μία ανοδική τάση. Τα διαθέσιμα δεδομένα για τους σταθμούς του Ελληνικού και της Μυτιλήνης κατηγοριοποιήθηκαν σε δύο υποσύνολα (1955-1993, 1994-2004). Από τα περιγραφικά χαρακτηριστικά προκύπτει ότι η δεύτερη περίοδος είναι θερμότερη από την πρώτη, ωστόσο το μη παραμετρικό τεστ του Mann-Whitney για τον έλεγχο των μέσων αναδεικνύει ότι οι διαφορές δεν είναι στατιστικά σημαντικές. Ένα αξιοσημείωτο χαρακτηριστικό των τάσεων της θερμοκρασίας είναι η διαφοροποίησή τους ανάμεσα στη θερμή και την ψυχρή περίοδο του έτους. Ειδικότερα, από την εποχιακή ανάλυση προκύπτει ότι τα καλοκαίρια της δεύτερης περιόδου είναι θερμότερα από τα καλοκαίρια της πρώτης περιόδου. Το μη παραμετρικό τεστ του Mann-Whitney για τον έλεγχο των μέσων αναδεικνύει ότι οι διαφορές είναι στατιστικά σημαντικές. Για την περιοχή της Σάμου επειδή τα διαθέσιμα δεδομένα αφορούν διαφορετική περίοδο (1979-2003) εφαρμόστηκε διαφορετική μέθοδος ανάλυσης. Πιο Συγκεκριμένα, το μη παραμετρικό τεστ Man Kendall αναδεικνύει ότι η μέση θερμοκρασία εμφανίζει ανοδική τάση κατά τη διάρκεια της υπό εξέταση περιόδου. Το Man Kendall τεστ υποδεικνύει ότι η συνολική ετήσια βροχόπτωση εμφανίζει ανοδική τάση και στους τρείς σταθμούς, ωστόσο στον σταθμό της Σάμου δεν είναι στατιστικά σημαντική. Για τους σταθμούς του Ελληνικού και της Σάμου η άνοδος οφείλεται στην συχνότερη εμφάνιση έντονων βροχοπτώσεων, (ημερήσιο ύψος βροχόπτωσης >35mm) ενώ για την περιοχή της Μυτιλήνης η άνοδος οφείλεται στην εμφάνιση περισσοτέρων υγρών ημερών (ημερήσιο ύψος βροχόπτωσης >0mm). | ||
| 540 | |a Κλειδωμένη η δυνατότητα αντιγραφής (copy) του κειμένου. | ||
| 610 | 2 | 0 | |a University of the Aegean |x Dissertations. |
| 650 | 0 | 0 | |a Meteorology |x Statistical methods. |
| 650 | 0 | 0 | |a Rain and rainfall |x Statistical methods. |
| 650 | 0 | 0 | |a Climatic changes |x Statistical methods. |
| 650 | 0 | 0 | |a Atmospheric temperature |x Statistical methods. |
| 650 | 0 | 0 | |a Dissertations, Academic |z Greece. |
| 700 | 1 | |a Τσιμήκας, Ιωάννης, |e dgs | |
| 710 | 2 | |a Πανεπιστήμιο Αιγαίου. |b Σχολή Θετικών Επιστημών. |b Τμήμα Στατιστικής και Αναλογιστικών-Χρηματοοικονομικών Μαθηματικών. |b Μεταπτυχιακό Πρόγραμμα Στατιστική και Αναλογιστικά - Χρηματοοικονομικά Μαθηματικά. | |
| 852 | |a INST |b SAMOS |c DIATR |e 20120216 |h 551.50151955 ΤΡΙ |p 005300034001 |q 005300034001 |t MTXE |y 23 | ||
| 852 | |a INST |b SAMOS |c DIATR |e 20120216 |h 551.50151955 ΤΡΙ |p 005300034002 |q 005300034002 |t MTXE |y 23 | ||
| 856 | |u http://hdl.handle.net/11610/15546 | ||
| 901 | |a BIBL3-2012-1 | ||
| 909 | |a Σ |b 171874 | ||
| 909 | |a Σ |b 171875 | ||
| 924 | |a ΤΡΙΠΟΔΗΣ |b ΧΡΗΣΤΟΣ |y Σάμος |z 2011-11 | ||
| 970 | |a ΚΟΣΙΕΡΗΣ |b ΧΡΗΣΤΟΣ |z 2012/02/16 | ||